MyGZULibrary

Family law case library. (Record no. 8724)

MARC details
000 -LEADER
fixed length control field 01139cam a22003014a 4500
001 - CONTROL NUMBER
control field 15763183
003 - CONTROL NUMBER IDENTIFIER
control field GZU
005 - DATE AND TIME OF LATEST TRANSACTION
control field 20210524125137.0
008 - FIXED-LENGTH DATA ELEMENTS--GENERAL INFORMATION
fixed length control field 090604s2008 enk w 000 0 eng
010 ## - LIBRARY OF CONGRESS CONTROL NUMBER
LC control number 2009287791
020 ## - INTERNATIONAL STANDARD BOOK NUMBER
International Standard Book Number 9781846610974
040 ## - CATALOGING SOURCE
Original cataloging agency DLC
Transcribing agency DLC
043 ## - GEOGRAPHIC AREA CODE
Geographic area code e-uk-en
-- e-uk-wl
050 00 - LIBRARY OF CONGRESS CALL NUMBER
Classification number KF501 FAM 2008
Item number .F36 2008
245 00 - TITLE STATEMENT
Title Family law case library.
Name of part/section of a work Finance /
Statement of responsibility, etc. editors, Charles Prest ... [et al.].
246 30 - VARYING FORM OF TITLE
Title proper/short title Finance
260 ## - PUBLICATION, DISTRIBUTION, ETC.
Place of publication, distribution, etc. Bristol :
Name of publisher, distributor, etc. Family Law,
Date of publication, distribution, etc. c2008.
300 ## - PHYSICAL DESCRIPTION
Extent xxxvi, 694 p. ;
Dimensions 25 cm. +
Accompanying material 1 CD-ROM (4 3/4 in.)
500 ## - GENERAL NOTE
General note Includes index.
650 #0 - SUBJECT ADDED ENTRY--TOPICAL TERM
Topical term or geographic name entry element Equitable distribution of marital property
Geographic subdivision England
Form subdivision Cases.
650 #0 - SUBJECT ADDED ENTRY--TOPICAL TERM
Topical term or geographic name entry element Support (Domestic relations)
Geographic subdivision England
Form subdivision Cases.
650 #0 - SUBJECT ADDED ENTRY--TOPICAL TERM
Topical term or geographic name entry element Equitable distribution of marital property
Geographic subdivision Wales
Form subdivision Cases.
650 #0 - SUBJECT ADDED ENTRY--TOPICAL TERM
Topical term or geographic name entry element Support (Domestic relations)
Geographic subdivision Wales
Form subdivision Cases.
700 1# - ADDED ENTRY--PERSONAL NAME
Personal name Prest, Charles
Titles and other words associated with a name (Solicitor)
906 ## - LOCAL DATA ELEMENT F, LDF (RLIN)
a 7
b cbc
c origres
d 2
e ncip
f 20
g y-gencatlg
942 ## - ADDED ENTRY ELEMENTS (KOHA)
Source of classification or shelving scheme Library of Congress Classification
Koha item type Books
Classification part 501
Item part FAM
Call number prefix KF
Holdings
Withdrawn status Lost status Damaged status Not for loan Collection code Home library Current library Shelving location Date acquired Total Checkouts Full call number Barcode Date last seen Copy number Price effective from Koha item type
        Non-fiction Law Library Law Library General Stacks 05/24/2021   KF501 FAM 2008 025879 05/24/2021 c.1 05/24/2021 Books